Statistics for Most Common Names For Pets: Dogs - Girl

Click here to take the quiz!

General Stats

  • This quiz has been taken 132 times
  • The average score is 27 of 100

Answer Stats

FLGirl Dog% Correct
DDaisy
77%
MMolly
69%
LLucy
65%
RRosie
65%
LLily
64%
BBella
62%
ZZoey
62%
SSally
51%
HHolly
51%
EEmma
51%
AAnnie
47%
PPenny
45%
RRuby
45%
CChloe
45%
SSophie
45%
MMaggie
45%
LLola
44%
EEllie
43%
EElla
42%
PPrincess
42%
MMia
39%
SSadie
37%
BBelle
37%
LLuna
37%
OOlive
36%
BBonnie
36%
LLady
35%
SStella
35%
MMinnie
35%
HHannah
34%
KKatie
34%
MMaddie
33%
SSandy
33%
GGracie
32%
MMissy
31%
LLulu
29%
AAngel
29%
LLexi
29%
CCoco
28%
CCassie
28%
AAbby
28%
LLacey
27%
IIzzy
26%
NNina
26%
BBaby
25%
MMisty
25%
GGigi
25%
RRoxy
25%
LLayla
24%
FFiona
24%
JJosie
24%
PPiper
24%
AAva
23%
MMaya
23%
FFifi
22%
NNala
22%
SSasha
22%
PPenelope
22%
GGinger
21%
CCookie
21%
HHarley
21%
PPhoebe
21%
HHoney
20%
MMacy
20%
CCleo
20%
HHeidi
20%
JJasmine
20%
CCallie
20%
SSugar
19%
NNikki
19%
HHazel
19%
MMadison
19%
WWinnie
19%
DDelilah
18%
PPixie
16%
PPepper
16%
CCasey
16%
SSassy
15%
TTrixie
15%
MMimi
15%
NNana
13%
BBrandy
13%
JJenna
12%
SSkye
12%
DDixie
12%
SScout
11%
DDakota
9%
AAnnabelle
8%
PPrecious
8%
RRoxanne
8%
SSapphire
8%
SSydney
7%
MMocha
6%
SShelby
6%
PPebbles
6%
HHadley
5%
KKona
5%
EEverest
1%
BBetty boop
1%
FFrida
1%

Score Distribution

Percentile by Number Answered

Percent of People with Each Score

Your Score History

You have not taken this quiz